BIBLIOTECA PODER JUDICIAL
Portal Judicial TDF

La frontera de la autonomía de la voluntad conflictual en las uniones convivenciales : (Registro nro. 5881)

000 -LEADER
fixed length control field 01176nab a22002057a 4500
003 - CONTROL NUMBER IDENTIFIER
control field OSt
005 - DATE AND TIME OF LATEST TRANSACTION
control field 20260109023956.0
008 - FIXED-LENGTH DATA ELEMENTS--GENERAL INFORMATION
fixed length control field 190514b xxu||||| |||| 00| 0 spa d
040 ## - CATALOGING SOURCE
Transcribing agency PJ
100 ## - MAIN ENTRY--PERSONAL NAME
9 (RLIN) 5962
Personal name Harrington, Carolina
245 13 - TITLE STATEMENT
Title La frontera de la autonomía de la voluntad conflictual en las uniones convivenciales :
Remainder of title equilibrio entre previsibilidad y protección familiar /
Statement of responsibility, etc Carolina Harrington, Nieve Rubaja.
300 ## - PHYSICAL DESCRIPTION
Extent p. 117-125
505 ## - FORMATTED CONTENTS NOTE
Formatted contents note Sumario: I. Introducción.— II. La UC como forma familiar y el derecho fundamental a su protección. La AV en relaciones de familia. Justificación.— III. La regulación de DIPr. de fuente interna vigente en materia de derecho aplicable a las UC.— IV. Reflexiones a futuro: ¿hay espacio para la autonomía de la voluntad?— V. Conclusiones / propuestas.
505 ## - FORMATTED CONTENTS NOTE
Title Si te interesa el texto, comunicate a koha@justierradelfuego.gov.ar
650 #0 - SUBJECT ADDED ENTRY--TOPICAL TERM
9 (RLIN) 967
Topical term or geographic name as entry element DERECHO DE FAMILIA
650 #0 - SUBJECT ADDED ENTRY--TOPICAL TERM
9 (RLIN) 1053
Topical term or geographic name as entry element UNIONES CONVIVENCIALES
700 ## - ADDED ENTRY--PERSONAL NAME
9 (RLIN) 4324
Personal name Rubaja, Nieve
Función coautor
773 0# - HOST ITEM ENTRY
Host Biblionumber 2844
Host Itemnumber 3222
Place, publisher, and date of publication Buenos Aires : AbeledoPerrot, 1989-
Title Derecho de familia. N° 121 - Septiembre 2025
International Standard Book Number 18511201
942 ## - ADDED ENTRY ELEMENTS (KOHA)
Source of classification or shelving scheme
Koha item type Analítica Artículo de Revista

No hay ítems disponibles.

12 de Octubre 789 Ushuaia - Tel:  54(02901)441571
Horario de Atención: 8.00 a 17.00 hs. 
bibliotecaush@justierradelfuego.gov.ar
koha@justierradelfuego.gov.ar
Seguinos en nuestras redes @bibliojustdf 

Con tecnología Koha